Normal view
MARC view
- اشراف بيرلسون، برنارد ؛ بقلم: طائفة من المتخصصين ؛ ترجمة: محمد محبوب، بهيرة مختار ؛ تقديم: عزيز البنداري
Entry Personal Name
001 - CONTROL NUMBER
- control field: 48834
003 - CONTROL NUMBER IDENTIFIER
- control field: JO-AjAnu
005 - DATE AND TIME OF LATEST TRANSACTION
- control field: 20230606082042.0
008 - FIXED-LENGTH DATA ELEMENTS
- fixed length control field: 230606|| aca||aabn | a|a d
040 ## - CATALOGING SOURCE
- Original cataloging agency: JO-AjAnu
- Transcribing agency: JO-AjAnu
100 ## - HEADING--PERSONAL NAME
- Personal name: اشراف بيرلسون، برنارد ؛ بقلم: طائفة من المتخصصين ؛ ترجمة: محمد محبوب، بهيرة مختار ؛ تقديم: عزيز البنداري
670 ## - SOURCE DATA FOUND
- Source citation: Work cat.: (JO-AjAnu)24980: اشراف بيرلسون، برنارد ؛ بقلم: طائفة من المتخصصين ؛ ترجمة: محمد محبوب، بهيرة مختار ؛ تقديم: عزيز البنداري, author, برامج تنظيم الاسرة: عرض دولي شامل